Golgotha mattu Vaishali. (Record no. 180115)
[ view plain ]
| 000 -LEADER | |
|---|---|
| fixed length control field | 01307nam a2200217Ia 4500 |
| 003 - CONTROL NUMBER IDENTIFIER | |
| control field | OSt |
| 005 - DATE AND TIME OF LATEST TRANSACTION | |
| control field | 20251211162430.0 |
| 008 - FIXED-LENGTH DATA ELEMENTS--GENERAL INFORMATION | |
| fixed length control field | 210707s1983 xx 000 0 und d |
| 040 ## - CATALOGING SOURCE | |
| Transcribing agency | AL |
| 041 ## - LANGUAGE CODE | |
| Language code of text/sound track or separate title | Kannada |
| 082 ## - DEWEY DECIMAL CLASSIFICATION NUMBER | |
| Classification number | K894.1 GOVG |
| 100 ## - MAIN ENTRY--PERSONAL NAME | |
| Personal name | GOVINDA PAI |
| Dates associated with a name | ಗೋವಿಂದ ಪೈ |
| 9 (RLIN) | 248905 |
| 245 ## - TITLE STATEMENT | |
| Title | Golgotha mattu Vaishali. |
| Remainder of title | ಗೊಲ್ಗೊಥಾ ಮತ್ತು ವೈಶಾಲಿ |
| 260 ## - PUBLICATION, DISTRIBUTION, ETC. | |
| Place of publication, distribution, etc. | Bangaluru |
| Name of publisher, distributor, etc. | Vishva Kannada Sammelana |
| Date of publication, distribution, etc. | 1983 |
| 300 ## - PHYSICAL DESCRIPTION | |
| Extent | 96 p |
| 365 ## - TRADE PRICE | |
| Price amount | 2 |
| Currency code | INR |
| 520 ## - SUMMARY, ETC. | |
| Summary, etc. | 'ಗೊಲ್ಗೊಥಾ ಮತ್ತು ವೈಶಾಲಿ' ಎಂಬುದು ರಾಷ್ಟ್ರಕವಿ ಮಂಜೇಶ್ವರ ಗೋವಿಂದ ಪೈ ಅವರು ರಚಿಸಿದ ಎರಡು ಶ್ರೇಷ್ಠ ಖಂಡಕಾವ್ಯಗಳ (Epic Fragments) ಸಂಯೋಜಿತ ಕೃತಿಯಾಗಿದ್ದು, 'ಗೊಲ್ಗೊಥಾ' ಯೇಸುವಿನ ಶಿಲುಬೆಗೇರಿಸುವಿಕೆಯ ಕಥೆಯಾದರೆ, 'ವೈಶಾಲಿ'ಯು ಬುದ್ಧನ ಕಾಲದ ಘಟನೆಗಳನ್ನು ಆಧರಿಸಿದೆ, ಇವೆರಡೂ ಪೈಗಳ ಸಾಹಿತ್ಯ ಸಾಧನೆಯನ್ನು ಎತ್ತಿ ತೋರಿಸುತ್ತವೆ |
| 563 ## - BINDING INFORMATION | |
| Binding note | PB |
| 650 ## - SUBJECT ADDED ENTRY--TOPICAL TERM | |
| Topical term or geographic name entry element | Kannada Poetry |
| 9 (RLIN) | 248906 |
| 942 ## - ADDED ENTRY ELEMENTS (KOHA) | |
| Source of classification or shelving scheme | Dewey Decimal Classification |
| Koha item type | Book |
| Withdrawn status | Lost status | Source of classification or shelving scheme | Damaged status | Not for loan | Collection code | Home library | Current library | Date acquired | Cost, normal purchase price | Total Checkouts | Full call number | Barcode | Date last seen | Price effective from | Koha item type |
|---|---|---|---|---|---|---|---|---|---|---|---|---|---|---|---|
| Dewey Decimal Classification | Kannada | St Aloysius Library | St Aloysius Library | 01/21/2003 | 2.00 | K894.1 GOVG | BB04017 | 07/08/2021 | 07/08/2021 | Book Bank |